<The> Economy of the Former U.S.S.R. in 1991 Economic Review
Gespeichert in:
| Format: | Buch |
|---|---|
| Sprache: | Englisch |
| Veröffentlicht: |
Washington
International Monetary Fund
1992
|
| Schlagworte: | |
| Tags: |
Keine Tags, Fügen Sie das erste Tag hinzu!
|
MARC
| LEADER | 00000nam a2200000 4500 | ||
|---|---|---|---|
| 001 | c004278 | ||
| 005 | 20251216071651.2 | ||
| 020 | |a 1-55775-259-1 | ||
| 041 | 0 | |a eng | |
| 044 | |a US | ||
| 245 | 1 | 0 | |a <The> Economy of the Former U.S.S.R. in 1991 |b Economic Review |
| 264 | 1 | |a Washington |b International Monetary Fund |c 1992 | |
| 300 | |a 103 s. | ||
| 610 | 2 | 0 | |a ZSSR |
| 610 | 2 | 0 | |a vývoj hospodársky |
| 610 | 2 | 0 | |a financie verejné |
| 610 | 2 | 0 | |a bankovníctvo |
| 610 | 2 | 0 | |a peniaze |
| 610 | 2 | 0 | |a úver |
| 610 | 2 | 0 | |a bilancia platobná |
| 610 | 2 | 0 | |a zadlženosť zahraničná |
| 610 | 2 | 0 | |a kurz devízový |